Welcome to CU Library Online Public Access Catalogue (OPAC)

THE EARTHSCAN READER IN FORESTRY AND DEVELOPMENT (Record no. 7683)

MARC details
000 -LEADER
fixed length control field 00381nam a22001337a 4500
005 - DATE AND TIME OF LATEST TRANSACTION
control field 20250924131330.0
008 - FIXED-LENGTH DATA ELEMENTS--GENERAL INFORMATION
fixed length control field 250924b |||||||| |||| 00| 0 eng d
020 ## - INTERNATIONAL STANDARD BOOK NUMBER
International Standard Book Number 9781844071548
050 ## - LIBRARY OF CONGRESS CALL NUMBER
Classification number SD131
Item number .E27 EAR
245 ## - TITLE STATEMENT
Title THE EARTHSCAN READER IN FORESTRY AND DEVELOPMENT
Statement of responsibility, etc. EDITED BY JEFFREY SAYER
260 ## - PUBLICATION, DISTRIBUTION, ETC.
Place of publication, distribution, etc. LONDON
Name of publisher, distributor, etc. EARTHSCAN
Date of publication, distribution, etc. c2005
300 ## - PHYSICAL DESCRIPTION
Extent xiv, 434p
942 ## - ADDED ENTRY ELEMENTS (KOHA)
Source of classification or shelving scheme Library of Congress Classification
Koha item type Books
Suppress in OPAC No
999 ## -
-- 7683
-- 7683
Holdings
Withdrawn status Lost status Source of classification or shelving scheme Damaged status Not for loan Collection Home library Current library Shelving location Date acquired Total checkouts Full call number Barcode Date last seen Copy number Price effective from Koha item type
    Library of Congress Classification     Non-fiction Undergraduate Library (Christ Temple) Undergraduate Library (Christ Temple) General stacks 09/24/2025   SD131.E27 EAR ulct00004987 09/24/2025 1 09/24/2025 Books
© 2023-2024 Copyright: Central University Libraries. All Rights Reserved | Created by: Mahone Tech Office